000
00205nam a22000977a 4500
999
_c
532840
_d
532840
040
_c
DLC
082
_a
201.7273
_b
JOR
100
_a
Jordon, Michael
_9
26454
245
_a
In the name of God
942
_2
ddc
_c
BK